| 000 | 00000nam##2200000za#4500 |
| 001 | 9.600682 |
| 003 | CaOODSP |
| 005 | 20210624205713 |
| 007 | cr ||||||||||| |
| 008 | 150406|1991||||xxc|||||o f|0| 0 fre|d |
| 040 | |aCaOODSP|bfre |
| 043 | |an-cn--- |
| 086 | 1 |aNH18-1/136-1991F-PDF |
| 110 | 2 |aSociété canadienne d'hypothèques et de logement. |
| 245 | 10|aÉvaluation comparative des méthodes de construction usinée en regard de la construction traditionnelle sur le site |h[ressource électronique] |
| 260 | |aOttawa - Ontario : |bSociété canadienne d'hypothèques et de logement |c1991. |
| 300 | |a83p.|bfigures, graphique, références, tableaux |
| 490 | 1 |aRapport de recherche |
| 546 | |a(Abstract in English.) |
| 590 | |a11-25-Supp|b2011-10-31 |
| 830 | #0|aResearch report (Société canadienne d'hypothèques et de logement : En ligne)|w(CaOODSP)9.502470 |
| 856 | 40|ahttp://publications.gc.ca|qPDF|s1.43 Mo|uhttps://publications.gc.ca/collections/collection_2011/schl-cmhc/nh18-1/NH18-1-136-1991-fra.pdf |